01009nas a2200217 4545000010006000000050017000060080037000230030015000600400040000750800153001152450030002682640043002983100088003415050123004291000019005526500019005716500029005906500032006196500027006518560113006782013720260407193506.0260407s1977####ag###########|||spa#dAR-UNSa-BCEJYS aAR-UNSa-BCEJYSbspacAR-UNSa-BCEJYS a338xSituación económica. Política económica. Gestión de la economía. Planificación de la economía. Producción. Servicios. Precios10aPerspectivas económicas 1aWashington :bInformation Agencyc1977 aFrecuencia: Trimestral Cambia de Director a partir del Nº 47 por Stewart W. Ramsey aSu propósito es ofrecer análisis e información pertinente sobre la economía estadounidense en el marco mundial1 aCrook, Dorothy aEstados Unidos aCondiciones económicas aInvestigación económica aECONOMIA INTERNACIONAL41uhttps://biblioeco.unsa.edu.ar/pmb/images/revistas/Perspectivas Econ?micas.jpgyImagen de portadaqimage/jpeg